Govt. of
Madhya Pradesh

The vivekanada Way (Record no. 67733)

MARC details
000 -LEADER
fixed length control field 00236nam a22001097a 4500
082 ## - DEWEY DECIMAL CLASSIFICATION NUMBER
Classification number 100/SAR
100 ## - MAIN ENTRY--AUTHOR NAME
Personal name Sarma ,ARK
245 ## - TITLE STATEMENT
Title The vivekanada Way
260 ## - PUBLICATION, DISTRIBUTION, ETC. (IMPRINT)
Place of publication Mumbai
Name of publisher Jaico Pub.
Year of publication 2023
650 ## - SUBJECT ADDED ENTRY--TOPICAL TERM
Topical Term Philosophy
942 ## - ADDED ENTRY ELEMENTS (KOHA)
Koha item type Books
Holdings
Withdrawn status Lost status Damaged status Not for loan Home library Current library Date acquired Cost, normal purchase price Full call number Accession Number Price effective from Koha item type
        MACL MACL 25/10/2024 350.00 100/SAR DPI003062 25/10/2024 Books